Normal view MARC view
  • Robin Hood

Entry Nombre Personal

Number of records used in: 5

001 - NUMERO DE CONTROL

  • campo de control: 16639

003 - IDENTIFICADOR DE NUMERO DE CONTROL

  • campo de control: DLC

005 - FECHA Y HORA DE LA ÜLTIMA TRANSACCIÓN

  • campo de control: 20220906131049.0

008 - DATOS DE LONGITUD FIJA

  • campo de control de longitud fija: 860211n| azannaabn |a aaa

010 ## - NÚMERO DE CONTROL DE LA BIBLIOTECA DEL CONGRESO

  • Número de control LC: nb2015015087
  • Número de Control LC Cancelado/inválido: sh 85114612

035 ## - NUMERO DE CONTROL

  • Número de control: (Uk)009404058

040 ## - FUENTE DE CATALOGACIÓN

  • Agencia original de catalogación: Uk
  • Lenguaje de catalogación: spa
  • Description conventions: rda
  • Agencia de transcripción: Uk
  • Agencia que lo modifica: Uk
  • Agencia que lo modifica: DLC
  • Agencia que lo modifica: MX-MxUPN

100 0# - ENCABEZAMIENTO - NOMBRE PERSONAL

  • Nombre personal: Robin Hood
  • Títulos u otras palabras asociadas al nombre: (Personaje legendario)

370 ## - LUGAR ASOCIADO

  • Associated country: Great Britain
  • Fuente del término: naf

400 1# - VEÁSE - NOMBRE DE PERSONA

  • Personal name: Hood, Robin
  • Titles and other words associated with a name: (Personaje legendario)

670 ## - FUENTE EN LA QUE SE LOCALIZARON DATOS

  • Cita de la fuente: Robin Hood, 2012:
  • Información localizada: p.6-7 (outlaw; early ballads and stories place him in the north of England: in Derbyshire, Nottinghamshire and Yorkshire)

902 ## - CATALOGADOR

  • Catalogador: VRC/060922